Születésnapi köszöntés
Elmentve itt :
| Szerző: | |
|---|---|
| Dokumentumtípus: | Cikk |
| Megjelent: |
1981-05-19
|
| Sorozat: | Délmagyarország
71 No. 115 |
| Kulcsszavak: | Engi István, Sajó Gyula |
| Online Access: | http://dmarchiv.bibl.u-szeged.hu/93459 |
| LEADER | 00456nab a2200157 i 4500 | ||
|---|---|---|---|
| 001 | delm93459 | ||
| 005 | 20190618093849.0 | ||
| 008 | 190618s1981 hu o 0|| hun d | ||
| 040 | |a SZTE Délmagyarország Archívum |b hun | ||
| 041 | |a hun | ||
| 100 | 1 | |a Nagy László | |
| 245 | 1 | 0 | |a Születésnapi köszöntés |h [elektronikus dokumentum] / |c Nagy László |
| 260 | |c 1981-05-19 | ||
| 300 | |a 3 | ||
| 490 | 0 | |a Délmagyarország |v 71 No. 115 | |
| 695 | |a Engi István, Sajó Gyula | ||